| 000 | 00721nam a2200205Ia 4500 | ||
|---|---|---|---|
| 003 | GCL | ||
| 008 | 140319s9999 xx 000 0 ara d | ||
| 040 |
_aGCL / _cGCL |
||
| 082 | 0 | 4 |
_a341.23 _bا ا |
| 100 | 1 | _aاحمد الرشيدى | |
| 245 | 1 | 0 |
_aالامم المتحدة : ضرورات الاصلاح بعد نصف قرن , وجهة نظر عربية / _cاحمد الرشيدى |
| 300 | _a334 ص | ||
| 490 |
_aالهيئة العامة للاستعلامات _v0 |
||
| 650 | 0 | 4 | _aالولايات المتحدة الامريكية |
| 650 | 0 | 4 | _aالسياسة الخارجية |
| 650 | 0 | 4 | _aالامم المتحدة |
| 650 | 0 | 4 | _aالاقليمية |
| 650 | 0 | 4 | _aالسلام والامن |
| 942 |
_2ddc _cBK |
||
| 999 |
_c48926 _d48926 |
||